000 01034nam a22003131i 4500
001 21362
003 CZ PrNK
005 20260227153637.0
007 ta
008 020221s1954 xo 000 1 slo
020 _q(Vázáno) :
_cKčs 15,80
040 _aABA001
_bcze
_cABA001
_dABA001
_erda
080 _a885.4-13-821Hviezdoslav
_2undef
100 1 _aHviezdoslav, Pavol Országh,
_d1849-1921
_4aut
245 1 0 _aGábor Vlkolinský /
_cHviezdoslav
250 _a5. vydanie
264 1 _aBratislava :
_bSlovenské vydavateľstvo krásnej literatúry,
_c1954
300 _a268 stran ;
_c21 cm
336 _atext
_btxt
_2rdacontent
337 _abez média
_bn
_2rdamedia
338 _asvazek
_bnc
_2rdacarrier
490 1 _a6. sväzok edície Naši klasici
490 1 _aSpisy P.O. Hviezdoslava v dvanástich sväzkoch ;
_vsväzok 6
500 _a5000 výtisků
800 1 _aHviezdoslav, Pavol Orszagh,
_d1849-1921.
_tSpisy v dvanástich sväzkoch
830 0 _aNaši klasici (SVKL)
910 _aABA001
942 _2ddc
_cKLDO
_n0
999 _c21362
_d21362